Ol' Dirty Bastard Charting Songs (Billboard Hot 100) - Statistics

General Stats
  • This quiz has been taken 12 times
    10 since last reset
  • The average score is 5 of 8
Answer Stats
Album Weeks On Peak Artist(s) Song % Correct
Return to the 36 Chambers: The Dirty Version 15 Weeks #62 Ol' Dirty Bastard Shimmy Shimmy Ya
100%
Return to the 36 Chambers: The Dirty Version 16 Weeks #54 Ol' Dirty Bastard Brooklyn Zoo
88%
Nigga Please 20 Weeks #33 Ol' Dirty Bastard ft. Kelis Got Your Money
88%
SOS 1 Week #76 SZA ft. Ol' Dirty Bastard Forgiveless
75%
Bulworth 21 Weeks #15 Pras Michel ft. Ol' Dirty Bastard & Introducing Mya Ghetto Superstar (That Is What You Are)
63%
Schizophrenic 5 Weeks #88 JC Chasez ft. Dirt McGirt (Ol' Dirty Bastard) Some Girls (Dance with Women)
50%
Non-Album Single 10 Weeks #58 BLACKstreet with Special Guests Ol' Dirty Bastard & Slash Fix
38%
Likwidation 9 Weeks #66 Tha Alkaholiks ft. Ol' Dirty Bastard Hip Hop Drunkies
13%
No matching quizzes found
Score Distribution
Percent of People with Each Score
Percentile by Number Answered
Your Score History
You have not taken this quiz since the last reset